Statistics for 2006 FIFA World Cup Knockout Stage

Click here to take the quiz!

General Stats

  • This quiz has been taken 56 times
  • The average score is 13 of 16

Answer Stats

Nation % Correct
Brazil
100%
France
98%
Italy
98%
Argentina
96%
Germany
96%
Portugal
91%
Spain
89%
England
83%
Netherlands
80%
Sweden
74%
Switzerland
70%
Australia
67%
Mexico
67%
Ghana
63%
Ukraine
54%
Ecuador
46%

Score Distribution

Percentile by Number Answered

Percent of People with Each Score

Your Score History

You have not taken this quiz